00438 2200157 4500001002100000005001500021035002000036245009200056100001800148300001200166260004600178082000800224084001400232020002200246990001200268INLIS00000000000264320250805082935 a0010-08250000041 aSuper Modul KSN SMA 2 :bBiologi Anatomi Fisiologi Tumbuhan & Hewan /cM. Syah Ramadhan0 aSyah Ramadhan a208 hlm aJakarta :bPT. Jakarta Sains Media,c2022 a574 a574 SYA s a978-623-6111-24-6 a0754841